some food - Statistics

General Stats
  • This quiz has been taken 25 times
    19 since last reset
  • The average score is 13 of 16
Answer Stats
Picture Answer % Correct
cheese
100%
chocolate
100%
mustard
100%
rice
100%
guacamole
89%
pizza
89%
bananas
83%
popcorn
83%
ravioli
83%
waffles
83%
meatballs
78%
onions
78%
yoghurt
78%
scrambled eggs
72%
ham
61%
paella
50%
No matching quizzes found
Score Distribution
Percent of People with Each Score
Percentile by Number Answered
Your Score History
You have not taken this quiz since the last reset